Sports Quiz

Random Sports or Olympics Quiz

2012 Olympic Flame Route Quiz Stats

 Plays Quiz not verified by Sporcle

Challenge
Share
Tweet
Embed
Score 0/70 Timer 06:00
0 Plays Today
Day Location % Correct
Day 7 (25 May)Malvern, Monmouth, Cardiff
78.3%
Day 19 (6 June)Dublin, Belfast
73.9%
Day 21 (8 June)Glasgow
73.9%
Day 26 (13 June)Edinburgh
73.9%
Day 37 (24 June)Leeds
73.9%
Day 43 (30 June)Birmingham
73.9%
Day 24 (11 June)Isle of Lewis, Aberdeen
69.6%
Day 14 (1 June)Liverpool
65.2%
Day 28 (15 June)Newcastle
65.2%
Day 36 (23 June)Manchester
65.2%
Day 1 (19 May)Land's End, Plymouth
60.9%
Day 4 (22 May)Bristol, Bath
60.9%
Day 11 (29 May)Chester
60.9%
Day 38 (25 June)Sheffield
60.9%
Day 41 (28 June)Nottingham
60.9%
Day 57 (14 July)Southampton
60.9%
Day 35 (22 June)Blackpool
56.5%
Day 42 (29 June)Derby
56.5%
Day 47 (4 July)Norwich
56.5%
Day 50 (7 July)Cambridge
56.5%
Day 52 (9 July)Oxford
56.5%
Day 58 (15 July)Guernsey, Jersey, Portsmouth
56.5%
Day 59 (16 July)Brighton and Hove
56.5%
Day 70 (27 July)Olympic Stadium
56.5%
Day 8 (26 May)Swansea
52.2%
Day 45 (2 July)Leicester
52.2%
Day 48 (5 July)Ipswich
52.2%
Day 22 (9 June)Inverness
47.8%
Day 32 (19 June)York
47.8%
Day 30 (17 June)Middlesbrough
43.5%
Day 31 (18 June)Hull
43.5%
Day 44 (1 July)Coventry
43.5%
Day 61 (18 July)Dover
43.5%
Day 12 (30 May)Stoke-on-Trent
39.1%
Day 53 (10 July)Reading
39.1%
Day Location % Correct
Day 2 (20 May)Exeter
34.8%
Day 6 (24 May)Hereford, Worcester
34.8%
Day 15 (2 June)Isle of Man
34.8%
Day 17 (4 June)Derry
34.8%
Day 25 (12 June)Dundee
34.8%
Day 33 (20 June)Carlisle
34.8%
Day 3 (21 May)Taunton
30.4%
Day 5 (23 May)Cheltenham
30.4%
Day 9 (27 May)Aberystwyth
30.4%
Day 23 (10 June)Orkney, Shetland
30.4%
Day 29 (16 June)Durham
30.4%
Day 40 (27 June)Lincoln
30.4%
Day 46 (3 July)Peterborough
30.4%
Day 51 (8 July)Luton
30.4%
Day 56 (13 July)Bournemouth
30.4%
Day 10 (28 May)Bangor
26.1%
Day 54 (11 July)Basingstoke, Winchester, Salisbury
26.1%
Day 60 (17 July)Hastings
26.1%
Day 13 (31 May)Bolton
21.7%
Day 55 (12 July)Weymouth and Portland
21.7%
Day 62 (19 July)Maidstone
21.7%
Day 69 (26 July)Westminster
21.7%
Day 27 (14 June)Alnwick
17.4%
Day 63 (20 July)Guildford
17.4%
Day 20 (7 June)North Channel
13%
Day 49 (6 July)Chelmsford
13%
Day 64 (21 July)Waltham Forest
13%
Day 34 (21 June)Bowness-on-Windermere
8.7%
Day 66 (23 July)Wandsworth
8.7%
Day 67 (24 July)Ealing
8.7%
Day 68 (25 July)Haringey
8.7%
Day 16 (3 June)Portrush
4.3%
Day 18 (5 June)Newry
4.3%
Day 39 (26 June)Cleethorpes
4.3%
Day 65 (22 July)Bexley
4.3%

You're not logged in!

Compare scores with friends on all Sporcle quizzes.
OR
Log In

You Might Also Like...

Show Comments

Extras

Created Jul 10, 2012SourceReportNominate
Tags:Olympics Quiz

Top Quizzes Today


Score Distribution

Your Account Isn't Verified!

In order to create a playlist on Sporcle, you need to verify the email address you used during registration. Go to your Sporcle Settings to finish the process.

Report this User

Report this user for behavior that violates our Community Guidelines.

Details: